[Event "Parana-chT"]
[Site "Sao Jose dos Pinhais"]
[Date "2014.10.15"]
[Round "3.4"]
[White "Biagini, Guilherme Albach"]
[Black "Mattesco, Andre Luiz Secco"]
[Result "1/2-1/2"]
[WhiteElo "1800"]
[BlackElo "1588"]
[PlyCount "51"]
[EventDate "2014.10.13"]
[EventType "team-swiss"]
[EventRounds "6"]
[EventCountry "BRA"]
[SourceTitle "EXT 2015"]
[Source "ChessBase"]
[SourceDate "2014.11.20"]
[SourceVersion "1"]
[SourceVersionDate "2014.11.20"]
[SourceQuality "1"]
[WhiteTeam "Ponta Grossa"]
[BlackTeam "Londrina"]
[WhiteTeamCountry "BRA"]
[BlackTeamCountry "BRA"]

1. d4 Nf6 2. c4 g6 3. Nc3 Bg7 4. e4 d6 5. Bg5 0-0 6. Qd2 Nbd7 7. Nf3 e5 8. Be2 Qe8 9. d5 Kh8 10. h4 h5 11. 0-0-0 Kh7 12. Kb1 Nc5 13. Bxf6 Bxf6 14. Ng5+ Kg7 15. Rdg1 Rh8 16. g4 Bxg4 17. Bxg4 hxg4 18. Rxg4 Rh5 19. Qe3 Qe7 20. b4 Rah8 21. Rhg1 Na6 22. b5 Nc5 23. Qg3 Bxg5 24. Rxg5 Rxg5 25. hxg5 Qd7 26. Qf3 1/2-1/2

[Event "Umuarama JOJUPS Cup"]
[Site "Umuarama"]
[Date "2013.??.??"]
[Round "3"]
[White "Biagini, Guilherme Albach"]
[Black "Das Chagas, David Ferreira"]
[Result "1-0"]
[WhiteElo "1800"]
[BlackElo "1688"]
[PlyCount "153"]
[EventDate "2013.10.19"]
[EventType "team-swiss"]
[EventRounds "6"]
[EventCountry "BRA"]
[SourceTitle "EXT 2014"]
[Source "ChessBase"]
[SourceDate "2013.11.20"]
[SourceVersion "1"]
[SourceVersionDate "2013.11.20"]
[SourceQuality "1"]
[WhiteTeam "Ponta Grossa"]
[BlackTeam "Curitiba"]
[WhiteTeamCountry "BRA"]
[BlackTeamCountry "BRA"]

1. d4 e6 2. c4 d5 3. Nc3 c6 4. Nf3 Nf6 5. Bg5 Be7 6. e3 h6 7. Bh4 0-0 8. Rc1 Nbd7 9. Bd3 dxc4 10. Bxc4 Nd5 11. Bxe7 Qxe7 12. 0-0 N7b6 13. Bb3 Nxc3 14. bxc3 Nd5 15. Ne5 Rd8 16. Nd3 b6 17. e4 Nf6 18. Re1 Bb7 19. e5 Nd7 20. Qf3 Nf8 21. Qg3 Rac8 22. Bc2 Qg5 23. Qh3 Ng6 24. g3 c5 25. f4 Qe7 26. dxc5 bxc5 27. Re2 c4 28. Nf2 Qa3 29. Rce1 Re8 30. Be4 Bd5 31. Bxd5 exd5 32. e6 f6 33. Qh5 Ne7 34. Ng4 Qxc3 35. Nxh6+ gxh6 36. Qxh6 Qd4+ 37. Kh1 Qd3 38. Qxf6 Qf5 39. Qc3 Ng6 40. Kg2 Kh7 41. a4 Rg8 42. Kh1 Rg7 43. e7 Re8 44. Qd4 Qd3 45. Qxd3 cxd3 46. Rd2 Rgxe7 47. Rxe7+ Rxe7 48. Rxd3 Rd7 49. Rd4 Ne7 50. Kg2 Kg6 51. g4 Rc7 52. Kg3 Kf6 53. h4 Rc3+ 54. Kg2 Ke6 55. h5 Nc6 56. Rd2 Rc4 57. Re2+ Kf7 58. Kg3 Rxa4 59. g5 Nd4 60. Re5 Ra5 61. Kg4 Nc6 62. Rf5+ Kg7 63. h6+ Kg8 64. g6 Ne7 65. Rg5 Nxg6 66. Rxg6+ Kh7 67. Rd6 d4 68. f5 Rb5 69. Kg5 d3 70. Rd7+ Kg8 71. Kg6 Rb8 72. Rxd3 a5 73. f6 Ra8 74. Rd7 a4 75. h7+ Kh8 76. Re7 a3 77. f7 1-0